02062nam a2200277 a 4500001001000000005001700010008004100027041000800068044000800076084002000084100004500104245019000149260003600339300001700375500096700392500006701359500004101426500001001467546002401477650005201501650005601553650003401609650004501643700004601688740005001734BRCA_335020190320204234.0260309s1888----enk#---###---#000-0#eng-# aeng aenk a644b.Q37c18881 aCervantes Saavedra, Miguel ded1547-161610aThe Ingenious Gentleman Don Quixote of la ManchacBy Miguel de Cervantes Saavedra; A New Edition done into English with Notes Original and Selected and a New Life by Henry Edward Watts. aLondresbBernard Quaritchc1888 a5 v.c23 cm. aContenido : v.1. Vida de Cervantes por Watts. Prefacio e introducción del mismo. Apéndices: A. Genealogía de Cervantes B. Extracto de la información de Argel C. Bibliografía de ediciones del Quijote D. Libros de caballería E. Geines sobre Cervantes y Don Quijote, índice de nombres y apellidos. -- v.2. Primera parte. Dediactoria y prólogo de Cervantes. Versos preliminares. Notas. Apéndices: A. La Mancha B. Historia de Amadís C. La familia de Amadís D. El paso honroso de Suero de Quiñones. -- v.3. Primera parte. Texto. Apéndices: A. Cronología de Don Quijote B. El mito de Rolando C. El Cid. -- v.4. Segunda parte. Introducción por el traductor. Aprobación de Márquez Torres. Dedicatoria y prólogo de Cervantes. Apéndices: A. Dulcinea del Toboso B. El encantador Merlín C. Refranes españoles. -- v.5. Segunda parte. Texto. Apéndices: A. Carta de Cervantes al arzobispo de Toledo B. Índice alfabético de la obra aEjemplar por completo igual al anterior [643] Lúdovik Osterc aCon ex-libris de : Charles A. Wooley aQM486 aTexto en : inglés14aNovela españolayÉpoca clásica, 1500-170014aLiteratura españolayÉpoca clásica, 1500-170014aNovela españolaySiglo XVII14aDon Quijote (Personaje ficticio)eNovela1 aWatts, Henry Edwardd1826-1904eTraductor0 aEl Ingenioso Hidalgo Don Quijote de la Mancha